Odvetvie elektrotechniky na Slovensku ťahajú najmä zahraničné firmy
Hospodárenie odvetvia elektrotechnického priemyslu za prvých deväť mesiacov r. 1999. Vývoj zo straty v r. 1998 do zisku v r. 1999. Na zisku sa podieľajú najmä firmy so zahraničnou účasťou. Viac ako polovica tržieb pochádza z exportu. Doznievanie elektrárenských zákaziek. Zvýšenie zamestnanosti.
Enregistré dans:
| Auteur principal: | |
|---|---|
| Format: | Chapitre de livre |
| Langue: | slovaque |
| Sujets: | |
| Tags: |
Pas de tags, Soyez le premier à ajouter un tag!
|
MARC
| LEADER | 00000naa a2200000 4500 | ||
|---|---|---|---|
| 001 | r036795 | ||
| 005 | 20230921104146.9 | ||
| 041 | 0 | |a slo | |
| 044 | |a SK | ||
| 245 | 1 | 0 | |a Odvetvie elektrotechniky na Slovensku ťahajú najmä zahraničné firmy |c Peter Vašina |
| 520 | |a Hospodárenie odvetvia elektrotechnického priemyslu za prvých deväť mesiacov r. 1999. Vývoj zo straty v r. 1998 do zisku v r. 1999. Na zisku sa podieľajú najmä firmy so zahraničnou účasťou. Viac ako polovica tržieb pochádza z exportu. Doznievanie elektrárenských zákaziek. Zvýšenie zamestnanosti. | ||
| 610 | 2 | 0 | |a elektrotechnika |
| 610 | 2 | 0 | |a ukazovatele ekonomické |
| 610 | 2 | 0 | |a zisk |
| 610 | 2 | 0 | |a tržby |
| 610 | 2 | 0 | |a vývoz |
| 610 | 2 | 0 | |a investície |
| 610 | 2 | 0 | |a zamestnanosť |
| 610 | 2 | 0 | |a Slovensko |
| 610 | 2 | 0 | |a 1999 |
| 100 | 1 | |a Vašina, Peter | |